Evaluación del comportamiento productivo de cuatro hibridos de pimiento dulce, bajo condiciones protegidas, en el municipio de Sebaco – Matagalpa, 2019

El presente estudio se evaluaron cuatro híbridos de Pimiento Dulce bajo un sistema protegidos (casa malla) e implementando prácticas y Tecnologías de manejo, con la finalidad de obtener mayor calidad de fruto, y optar a mejores mercado por ende mayor rentabilidad de los sistemas. Esta investigac...

Full description

Bibliographic Details
Main Authors: Gallegos Contreras, Yaskany Isabel, Tiffer Zuniga, Gregory Anderson
Other Authors: Tutor: Padilla Duarte, Emilseth Carolina
Format: Tesis Section = Libro
Language:Undetermined
Spanish
Published: Managua UNI 2021
Subjects:
LEADER 01572nam a2200277Ia 4500
008 240830s9999 xx 000 0 und d
040 |a BIBLIOTECA-RUPAP Mon 635.643 G166 
041 |a spa 
082 |a Mon 635.643 G166 
100 1 |a Gallegos Contreras, Yaskany Isabel 
100 1 |b Tiffer Zuniga, Gregory Anderson 
245 1 0 |a Evaluación del comportamiento productivo de cuatro hibridos de pimiento dulce, bajo condiciones protegidas, en el municipio de Sebaco – Matagalpa, 2019 
260 |a Managua  |b UNI  |c 2021 
300 |a 48 p. :il. 
500 |a Contiene: anexos y CD. 
502 |a Tesis (Ingeniero Agrícola)- UNI, 2021. 
520 3 |a El presente estudio se evaluaron cuatro híbridos de Pimiento Dulce bajo un sistema protegidos (casa malla) e implementando prácticas y Tecnologías de manejo, con la finalidad de obtener mayor calidad de fruto, y optar a mejores mercado por ende mayor rentabilidad de los sistemas. Esta investigación presenta beneficios a los pequeños y medianos productores que se dedican a la producción de Pimiento Dulce y a la vez ellos puedan optar a nuevas alternativas de manejo de prácticas y el beneficio que les va a proporcionar el uso de estos nuevos híbrido. 
650 7 |a PIMIENTOS DULCES-CULTIVO 
650 7 |b  PRODUCCIÓN DE PIMIENTOS DULCES-NICARAGUA 
650 7 |c  PLAGAS Y ENFERMEDADES DE LOS PIMIENTOS DULCES 
650 7 |d  SEMILLAS HIBRIDAS 
650 7 |e  ANÁLISIS FÍSICO DEL SUELO 
700 1 |a Tutor:  |b Padilla Duarte, Emilseth Carolina 
942 |c BK  |2 ddc 
991 |a TESIS 
999 |c 18859